Statistics for Countries of Oceania in size order largest to smallest

Click here to take the quiz!

General Stats

  • This quiz has been taken 129 times
  • The average score is 11 of 13

Answer Stats

Size in kilometresCountry% Correct
7,617,930Australia
100%
268,000New zealand
100%
452,860Papua new guinea
99%
18,274Fiji
90%
4700Vanuatu
89%
27,540Solomon islands
88%
21Nauru
87%
26Tuvalu
85%
2700F.s of micronesia
80%
811Kiribati
80%
2831Samoa
80%
181Marshall islands
77%
747Tonga
77%

Score Distribution

Percentile by Number Answered

Percent of People with Each Score

Your Score History

You have not taken this quiz